=LDR 00000nam 2200000 4500 =001 INLIS000000000026108 =005 20130612124553 =008 ***********************************Ind** =035 ##$$0010-061300000026108 =041 ##$$a Ind =082 ##$$a From k =090 ##$$a From k, les k =100 ##$$a lestari, Nuning Sri =245 ##$$a Kisah domba putih, Nuning sri lestrai =260 ##$$a 2000 $b Surabaya =300 ##$$a 49 hlm, ilus, 21 cm =650 ##$$a Komik =850 ##$$a NBPNMAT